[Event "Hong Kong-ch prel"]
[Site "Hong Kong"]
[Date "2019.01.07"]
[Round "1"]
[White "Pu, Henry"]
[Black "Lam, Cheuk Him Darrel"]
[Result "1-0"]
[WhiteElo "1789"]
[BlackElo "1037"]
[PlyCount "89"]
[EventDate "2019.01.07"]
[EventType "swiss"]
[EventRounds "9"]
[EventCountry "HKG"]
[SourceTitle "EXT 2020"]
[Source "ChessBase"]
[SourceDate "2019.10.17"]
[SourceVersion "1"]
[SourceVersionDate "2019.10.17"]
[SourceQuality "1"]

1. d4 d5 2. c4 c6 3. Nf3 Nf6 4. e3 Bg4 5. Nc3 e6 6. Be2 Nbd7 7. b3 Bb4 8. Bd2 Ba3 9. Qc2 Bf5 10. Bd3 Bxd3 11. Qxd3 Be7 12. 0-0 0-0 13. Rfd1 Re8 14. e4 dxe4 15. Nxe4 Nxe4 16. Qxe4 Nf6 17. Qc2 c5 18. Bc3 Qb6 19. d5 exd5 20. cxd5 Rad8 21. Bxf6 Bxf6 22. Rac1 Rc8 23. d6 Red8 24. Qf5 Rc6 25. d7 g6 26. Qd5 Qc7 27. Rc2 Be7 28. Ne5 Re6 29. f4 b6 30. Rd3 Bf6 31. Re2 Bxe5 32. Rxe5 Rxe5 33. fxe5 h5 34. e6 fxe6 35. Qxe6+ Kf8 36. Qf6+ Kg8 37. Qxg6+ Kf8 38. Qf6+ Kg8 39. Rg3+ Qxg3 40. Qxd8+ Kf7 41. hxg3 Ke6 42. Qe8+ Kf5 43. d8Q Kg4 44. Qh4+ Kf5 45. Qee4# 1-0

[Event "Sanya Hainan op-B"]
[Site "Sanya"]
[Date "2017.12.24"]
[Round "7"]
[White "Pu, Henry"]
[Black "Li, Xueyi"]
[Result "0-1"]
[WhiteElo "1616"]
[BlackElo "2190"]
[PlyCount "84"]
[EventDate "2017.12.17"]
[EventType "swiss"]
[EventRounds "9"]
[EventCountry "CHN"]
[SourceTitle "CBM 182 Extra"]
[Source "ChessBase"]
[SourceDate "2018.02.23"]
[SourceVersion "1"]
[SourceVersionDate "2018.02.23"]
[SourceQuality "1"]

1. d4 Nf6 2. c4 e6 3. Nf3 b6 4. Bg5 Bb7 5. Nc3 Be7 6. e3 d6 7. Bd3 h6 8. Bxf6 Bxf6 9. Be4 c6 10. 0-0 g6 11. Nd2 0-0 12. Bf3 d5 13. cxd5 exd5 14. Re1 Na6 15. Nb3 Nc7 16. Qd2 Bg7 17. e4 dxe4 18. Bxe4 Nd5 19. Nxd5 cxd5 20. Bf3 a5 21. a4 Qd7 22. Nc1 Rac8 23. Ne2 Rc4 24. b3 Rb4 25. Qd3 Ra8 26. Rad1 Ba6 27. Qe3 Re8 28. Qc3 Bb7 29. h3 h5 30. Kf1 b5 31. axb5 Qxb5 32. Qc5 Qa6 33. Bxd5 Bf8 34. Bxb7 Rxb7 35. Qc4 Qxc4 36. bxc4 Bb4 37. Rb1 Rbe7 38. c5 Bxe1 39. Rxe1 a4 40. c6 a3 41. d5 a2 42. d6 Rxe2 0-1

[Event "Hong Kong-ch prel"]
[Site "Hong Kong"]
[Date "2017.02.06"]
[Round "4"]
[White "Kadam, Aaditya Vivek"]
[Black "Pu, Henry"]
[Result "0-1"]
[WhiteElo "1234"]
[BlackElo "1566"]
[PlyCount "120"]
[EventDate "2017.01.09"]
[EventType "swiss"]
[EventRounds "11"]
[EventCountry "HKG"]
[SourceTitle "EXT 2018"]
[Source "ChessBase"]
[SourceDate "2017.10.13"]
[SourceVersion "1"]
[SourceVersionDate "2017.10.13"]
[SourceQuality "1"]

1. e4 c5 2. c3 d6 3. d4 cxd4 4. cxd4 Nf6 5. Nc3 e6 6. Bd3 Be7 7. Nf3 0-0 8. 0-0 Nc6 9. Re1 e5 10. d5 Nb4 11. a3 Nxd3 12. Qxd3 Ne8 13. Be3 f5 14. exf5 Bxf5 15. Qd1 Bg4 16. h3 Bxf3 17. gxf3 Qd7 18. Kg2 Qf5 19. Rc1 Bg5 20. Ne4 Bf4 21. Bxf4 exf4 22. Qb3 Rf7 23. Qd1 Qg6+ 24. Kh2 Rf5 25. Rg1 Qh5 26. Nc3 Nf6 27. Rg4 Qf7 28. Rg1 Qd7 29. Qf1 Nxd5 30. Nxd5 Rxd5 31. Qc4 Qf7 32. Qc8+ Rxc8 33. Rxc8+ Qf8 34. Rxf8+ Kxf8 35. Rc1 Rc5 36. Rxc5 dxc5 37. Kg1 Kf7 38. Kf1 Kf6 39. Ke2 Ke5 40. Kd3 b5 41. Kc3 Kd5 42. Kd3 c4+ 43. Kc3 a5 44. h4 Kc5 45. h5 b4+ 46. axb4+ axb4+ 47. Kc2 Kd4 48. Kd2 c3+ 49. bxc3+ bxc3+ 50. Kc2 Kc4 51. Kc1 Kd3 52. Kd1 c2+ 53. Kc1 h6 54. Kb2 Kd2 55. Kb3 c1Q 56. Ka2 Qc2+ 57. Ka1 Qa4+ 58. Kb2 Qb4+ 59. Ka2 Kc2 60. Ka1 Qb2# 0-1